000 00307nam a2200145Ia 4500
100 _aMowbray/ Thomas J/ Malveau
942 _cBK
654 _acomputer
245 _aCORBA Design Patterns
260 _bWiley & Sons
_c1997
082 _a5.133
_bMOW
300 _a333
546 _aENGLISH
999 _c24892
_d24892